000 00305nam a2200133Ia 4500
008 240624s9999 xx 000 0 und d
041 _aeng
082 _a828 SAI
100 _aSAINI ANGELA
245 _aGEEK NATION
260 _c2010
_aNew Delhi
_bHachette India
300 _a280 : p.
365 _cRS
_b25
999 _c17333
_d17333